000 00508nam a2200169 a 4500
020 _a0470201355 (hb)
082 _a621.3678
_bKEN
_cL-38, P-128
100 _aKennine, T. J
_941575
245 1 _aRemote Sensing in Civil Engineering
260 _aGlasgow:
_bSurrey University Press,
_c1985
300 _axiv, 357p.
526 _a0
_b0
_c0
_d621_367800000000000_KEN
650 _aCivil Engineering -- Remote Sensing
_941576
650 _aMCE
_9379
700 _aKennie, T. J. M. (ed.)
_941577
942 _2ddc
_cBK
999 _c545645
_d545645